00929nam a2200277Ia 4500001000600000003000500006005001700011008004100028010001100069040000900080090000800089100002400097245012600121260000900247500008900256650005700345650002800402650004100430901000800471902000600479910000900485942001600494942001600510999001900526952010600545Z_113CHAP20221010114617.0220113s9999 xx 000 0 und d a163081 cCHAP aR-5 aMadsen, Arne969744 aFeeding experiments with bacon pigs: Sgrowth rate and feed conversión efficiency /cby Arne Madsen and H. P. Mortensen a  aSobretiro de : Royal Veterinary and Agricultural University Yearbook: P. 78-90, 1976 aCarne de puerco en canal I. Mortensen, H. P.9137315 aGanado de carne 945067 aGanado porcinoxSubproductos 945409 aR-5 aM a  cFOLL2local cFOLL2local c163081d163081 00102local4051708RaZbZd2005-11-09l0oR-5pz_A0086r2022-01-18 00:00:00t1w2022-01-18yREIMP